[Event "DSOL 2021"]
[Site "Germany"]
[Date "2021.03.25"]
[Round "7.2"]
[White "Seehaus, Bernhard"]
[Black "Haffner, Ernst Georg"]
[Result "1-0"]
[WhiteElo "1723"]
[BlackElo "1641"]
[Annotator "NA RC"]
[PlyCount "77"]
[EventDate "2021.01.18"]
[EventType "team-tourn"]
[EventCountry "GER"]
[SourceTitle "playchess.com"]
[Source "ChessBase"]
[SourceQuality "1"]

1. Nc3 d5 2. e4 d4 3. Nce2 e5 4. Ng3 Nf6 5. Nf3 Nbd7 6. Bc4 Be7 7. Bxf7+ Kxf7 8. Ng5+ Kg8 9. Ne6 Qe8 10. Nxc7 Qd8 11. Nxa8 Nc5 12. d3 Bg4 13. f3 Be6 14. O-O Qxa8 15. f4 Bg4 16. Qe1 exf4 17. Bxf4 h5 18. h3 Be6 19. Nf5 Bf8 20. Be5 Qd8 21. Nxd4 Nfd7 22. Bf4 h4 23. b4 Nf6 24. Be3 Bc8 25. bxc5 Bxc5 26. Nf5 Bxf5 27. Rxf5 Bd6 28. Kh1 Nh5 29. Bg5 Qc7 30. Bxh4 Bg3 31. Qf1 g6 32. Rf8+ Kg7 33. Rxh8 Kxh8 34. Qf8+ Kh7 35. Rf1 Qc3 36. Rf7+ Ng7 37. Rxg7+ Qxg7 38. Qxg7+ Kxg7 39. Bxg3 1-0

[Event "DSOL 2021"]
[Site "Germany"]
[Date "2021.03.26"]
[Round "7.2"]
[White "Zechner, Christoph"]
[Black "Hohlfeld, Wolfgang"]
[Result "1-0"]
[WhiteElo "1675"]
[BlackElo "2067"]
[Annotator "TA"]
[PlyCount "65"]
[EventDate "2021.01.18"]
[EventType "team-tourn"]
[EventCountry "GER"]
[SourceTitle "playchess.com"]
[Source "ChessBase"]
[SourceQuality "1"]
[WhiteTeam "SF Gern I"]
[BlackTeam "SC Diogenes"]

1. d4 d5 2. c4 dxc4 3. e4 e5 4. Nf3 Nf6 5. Nxe5 Nxe4 6. Bxc4 Bb4+ 7. Kf1 Qf6 8. Qe2 Qh4 9. Nxf7 Rf8 10. Bg5 Qg4 11. f3 Qf5 12. Qxe4+ Qxe4 13. fxe4 Bg4 14. Kg1 Nc6 15. Be3 Na5 16. Ne5 Nxc4 17. Nxc4 O-O-O 18. Nc3 c6 19. h3 Be6 20. Ne5 Ba5 21. Rd1 Bc7 22. Nd3 b5 23. Nc5 Bc4 24. b3 Bf7 25. e5 Rfe8 26. Bg5 Rxd4 27. Rxd4 Bxe5 28. Rd3 Bg6 29. N3e4 Bc7 30. Nd6+ Bxd6 31. Rxd6 Kc7 32. Rd7+ Kb6 33. b4 1-0

[Event "DSOL 2021"]
[Site "Germany"]
[Date "2021.03.25"]
[Round "7.2"]
[White "Getfert, Harald"]
[Black "Schoettker, Jochen"]
[Result "0-1"]
[WhiteElo "1620"]
[BlackElo "1943"]
[Annotator "TA"]
[PlyCount "46"]
[EventDate "2021.01.18"]
[EventType "team-tourn"]
[EventCountry "GER"]
[SourceTitle "playchess.com"]
[Source "ChessBase"]
[SourceQuality "1"]

1. e4 e6 2. d4 d5 3. Nc3 Bb4 4. Nge2 dxe4 5. a3 Bxc3+ 6. Nxc3 Nc6 7. Be3 Nf6 8. Qd2 Bd7 9. O-O-O Ne7 10. Bg5 Bc6 11. Bxf6 gxf6 12. Bc4 Qd6 13. d5 exd5 14. Nxd5 O-O-O 15. Nxe7+ Qxe7 16. Qe3 Kb8 17. Rhf1 Qe5 18. g3 Bd5 19. Bxd5 Rxd5 20. Rxd5 Qxd5 21. Rd1 Qe6 22. Qd4 a6 23. Qd7 Qa2 0-1

[Event "DSOL 2021"]
[Site "Germany"]
[Date "2021.03.22"]
[Round "7.2"]
[White "Dincher, Wolfgang"]
[Black "Michels, Fabio"]
[Result "1-0"]
[WhiteElo "1571"]
[BlackElo "1865"]
[Annotator "NA RC"]
[PlyCount "93"]
[EventDate "2021.01.18"]
[EventType "team-tourn"]
[EventCountry "GER"]
[SourceTitle "playchess.com"]
[Source "ChessBase"]
[SourceQuality "1"]

1. g3 c5 2. Bg2 Nc6 3. d3 g6 4. Nf3 Bg7 5. O-O e5 6. c4 Nge7 7. Nc3 O-O 8. Rb1 d6 9. a3 f5 10. b4 e4 11. dxe4 Bxc3 12. b5 Ne5 13. exf5 Nxf5 14. Qd5+ Kg7 15. Bf4 Qe7 16. Rfc1 Be6 17. Qe4 Nxg3 18. hxg3 Bf5 19. Qe3 Bxb1 20. Qxc3 Bf5 21. Nxe5 dxe5 22. Bxe5+ Kg8 23. Bf4 Be4 24. Bd6 Qxd6 25. Bxe4 Qf6 26. Bd5+ Kg7 27. Bxb7 Rad8 28. Bd5 h6 29. a4 Kh7 30. Qxf6 Rxf6 31. e4 g5 32. a5 Rf3 33. a6 Rb3 34. Rc2 Kg6 35. Kg2 g4 36. Re2 Re8 37. e5 Kf5 38. e6 Kf6 39. Re4 Kg5 40. Rf4 h5 41. Rf7 h4 42. gxh4+ Kxh4 43. Rxa7 Rh8 44. Rg7 Rb2 45. e7 g3 46. Rxg3 Re2 47. Rh3+ 1-0

[Event "DSOL 2021"]
[Site "Germany"]
[Date "2021.03.23"]
[Round "7.2"]
[White "Bohl, Rolf"]
[Black "Hobmeier, Luis"]
[Result "1-0"]
[WhiteElo "1562"]
[BlackElo "1731"]
[Annotator "NA RC"]
[PlyCount "135"]
[EventDate "2021.01.18"]
[EventType "team-tourn"]
[EventCountry "GER"]
[SourceTitle "playchess.com"]
[Source "ChessBase"]
[SourceQuality "1"]

1. d4 Nf6 2. c4 g6 3. Nf3 Bg7 4. g3 d5 5. cxd5 Nxd5 6. e4 Nb6 7. Be3 Bg4 8. Bg2 c6 9. Nc3 O-O 10. O-O N8d7 11. h3 Bxf3 12. Bxf3 e6 13. Qe2 Qe7 14. Rfd1 Rfd8 15. a4 a5 16. d5 exd5 17. exd5 cxd5 18. Nxd5 Nxd5 19. Bxd5 Ne5 20. Bb6 Re8 21. Rac1 Qb4 22. Be3 Rac8 23. Rxc8 Rxc8 24. b3 Rc7 25. f4 Nd7 26. Bc4 Qe7 27. Qd3 Bf6 28. Bd4 Nc5 29. Bxf6 Qxf6 30. Qd8+ Qxd8 31. Rxd8+ Kg7 32. Rd5 b6 33. Rd6 Rb7 34. Kg2 Kf8 35. Kf3 Ke7 36. Rd5 Rd7 37. Rxd7+ Nxd7 38. Ke4 f6 39. Kd5 Nb8 40. Bb5 h6 41. Bd3 g5 42. fxg5 fxg5 43. Bb5 h5 44. g4 hxg4 45. hxg4 Nd7 46. Bxd7 Kxd7 47. Ke5 Kc6 48. Kf5 Kc5 49. Kxg5 Kb4 50. Kf4 Kxb3 51. g5 Kxa4 52. g6 b5 53. g7 b4 54. g8=Q Ka3 55. Qg7 Ka2 56. Qg2+ Ka3 57. Qf1 Kb2 58. Qe2+ Ka3 59. Qd1 Kb2 60. Qa4 b3 61. Qxa5 Kb1 62. Qe1+ Ka2 63. Qa5+ Kb1 64. Ke3 b2 65. Kd3 Kc1 66. Qd2+ Kb1 67. Kc3 Ka1 68. Qxb2# 1-0

[Event "DSOL 2021"]
[Site "Germany"]
[Date "2021.03.24"]
[Round "7.2"]
[White "Schubert, Maik"]
[Black "Kalthoff, Peter"]
[Result "0-1"]
[WhiteElo "1503"]
[BlackElo "2034"]
[Annotator "TA"]
[PlyCount "42"]
[EventDate "2021.01.18"]
[EventType "team-tourn"]
[EventCountry "GER"]
[SourceTitle "playchess.com"]
[Source "ChessBase"]
[SourceQuality "1"]

1. e4 d5 2. exd5 Nf6 3. Nc3 Nxd5 4. Nxd5 Qxd5 5. c4 Qe4+ 6. Qe2 Bf5 7. Qxe4 Bxe4 8. f3 Bg6 9. d4 Nc6 10. Be3 Nb4 11. Kd2 O-O-O 12. a3 Nc2 13. Rc1 Nxd4 14. Bxd4 Rxd4+ 15. Kc3 e5 16. f4 Rxf4 17. g3 Rf2 18. Nh3 Rf3+ 19. Kd2 Bc5 20. Be2 Rd8+ 21. Ke1 Rb3 0-1

[Event "DSOL 2021"]
[Site "Germany"]
[Date "2021.03.22"]
[Round "7.2"]
[White "Koch, Moritz"]
[Black "Kaliski, Erwin"]
[Result "1/2-1/2"]
[WhiteElo "1499"]
[BlackElo "2175"]
[Annotator "TA"]
[PlyCount "68"]
[EventDate "2021.01.18"]
[EventType "team-tourn"]
[EventCountry "GER"]
[SourceTitle "playchess.com"]
[Source "ChessBase"]
[SourceQuality "1"]

1. e4 e6 2. d4 d5 3. Bd3 c5 4. exd5 exd5 5. Nf3 Nf6 6. O-O c4 7. Re1+ Be7 8. Bf1 O-O 9. b3 cxb3 10. axb3 Nc6 11. h3 Bf5 12. Nh4 Be6 13. Bb2 Ne4 14. Nf3 Rc8 15. c4 Bb4 16. Re3 a5 17. Nc3 Nxc3 18. Bxc3 Bxc3 19. Rxc3 Qd7 20. c5 Bf5 21. Bb5 Ra8 22. Ne5 Qc7 23. Bxc6 bxc6 24. Rg3 f6 25. Ng4 Bxg4 26. Qxg4 Rfe8 27. Rd1 a4 28. Re3 Rxe3 29. fxe3 axb3 30. Rb1 Qb7 31. e4 dxe4 32. Qe6+ Kh8 33. Rxb3 Qc7 34. Qxe4 h6 1/2-1/2

[Event "DSOL 2021"]
[Site "Germany"]
[Date "2021.03.24"]
[Round "7.2"]
[White "Reimer, Philip"]
[Black "Schubert, Martin"]
[Result "1/2-1/2"]
[WhiteElo "1470"]
[BlackElo "1921"]
[Annotator "TA"]
[PlyCount "49"]
[EventDate "2021.01.18"]
[EventType "team-tourn"]
[EventCountry "GER"]
[SourceTitle "playchess.com"]
[Source "ChessBase"]
[SourceQuality "1"]

1. e4 e5 2. Nf3 Nc6 3. Bc4 Nf6 4. Ng5 d5 5. exd5 Na5 6. Bb5+ c6 7. dxc6 bxc6 8. Bd3 Nd5 9. Nf3 Bd6 10. O-O Nf4 11. Nc3 Nxd3 12. cxd3 O-O 13. Re1 Re8 14. Ne4 c5 15. Nxd6 Qxd6 16. Qa4 Nc6 17. d4 cxd4 18. Nxd4 Bb7 19. Nf5 Qg6 20. Ng3 Nd4 21. d3 Rac8 22. Rb1 Qxd3 23. Be3 Bc6 24. Qd1 Qxd1 25. Rexd1 1/2-1/2

[Event "DSOL 2021"]
[Site "Germany"]
[Date "2021.03.23"]
[Round "7.3"]
[White "Braun, Christian"]
[Black "Meister, Jakob"]
[Result "0-1"]
[WhiteElo "2409"]
[BlackElo "2416"]
[Annotator "TA"]
[PlyCount "58"]
[EventDate "2021.01.18"]
[EventType "team-tourn"]
[EventCountry "GER"]
[SourceTitle "playchess.com"]
[Source "ChessBase"]
[SourceQuality "1"]

1. d4 d5 2. c4 dxc4 3. Nf3 Nf6 4. e3 e6 5. Bxc4 a6 6. O-O c5 7. Bd3 Nc6 8. Nc3 cxd4 9. exd4 Be7 10. a3 O-O 11. Bc2 b5 12. Bg5 Bb7 13. Qd3 g6 14. Bh6 Re8 15. Rfd1 Rc8 16. Rac1 b4 17. Na4 bxa3 18. bxa3 Na5 19. Nc5 Bxc5 20. dxc5 Qxd3 21. Bxd3 Nb3 22. Rb1 Nxc5 23. Be2 Bd5 24. h3 Nfe4 25. Rdc1 a5 26. Bb5 Red8 27. Be3 Nb3 28. Rd1 Nc3 29. Rxd5 Rxd5 0-1

[Event "DSOL 2021"]
[Site "Germany"]
[Date "2021.03.24"]
[Round "7.3"]
[White "Lorenz, Roger"]
[Black "Lundin, Jan"]
[Result "1-0"]
[WhiteElo "2187"]
[BlackElo "1667"]
[Annotator "TA"]
[PlyCount "65"]
[EventDate "2021.01.18"]
[EventType "team-tourn"]
[EventCountry "GER"]
[SourceTitle "playchess.com"]
[Source "ChessBase"]
[SourceQuality "1"]

1. d4 d5 2. c4 dxc4 3. e4 e5 4. Nf3 exd4 5. Bxc4 Nc6 6. O-O Be6 7. Bxe6 fxe6 8. Qb3 Qd7 9. Qxb7 Rb8 10. Qa6 Nf6 11. Nbd2 Bd6 12. a3 O-O 13. b4 Rb6 14. Qd3 Ng4 15. Nc4 Rxf3 16. Qxf3 Nxh2 17. Qd3 Nxf1 18. Nxb6 axb6 19. Qxf1 Ne5 20. f4 Ng4 21. Qf3 h5 22. Bd2 Qa4 23. Rc1 c5 24. Qd3 cxb4 25. axb4 e5 26. Qc4+ Kh7 27. Qf7 Nf6 28. f5 Qa8 29. Bg5 Nxe4 30. Qg6+ Kh8 31. f6 Qf8 32. Rc8 Nxf6 33. Bxf6 1-0

[Event "DSOL 2021"]
[Site "Germany"]
[Date "2021.03.22"]
[Round "7.3"]
[White "Happe, Reinhold"]
[Black "Klein, Christoph"]
[Result "1-0"]
[WhiteElo "2119"]
[BlackElo "2112"]
[Annotator "RC"]
[PlyCount "93"]
[EventDate "2021.01.18"]
[EventType "team-tourn"]
[EventCountry "GER"]
[SourceTitle "playchess.com"]
[Source "ChessBase"]
[SourceQuality "1"]

1. c4 Nf6 2. Nc3 c5 3. g3 e6 4. Nf3 b6 5. Bg2 Bb7 6. O-O Be7 7. Re1 O-O 8. e4 d6 9. d4 cxd4 10. Nxd4 Qc8 11. b3 a6 12. Bb2 Nbd7 13. Rc1 Re8 14. h3 Qc7 15. Qd2 Rac8 16. Qe3 Qb8 17. f4 Nf8 18. Na4 Bd8 19. Kh2 Ng6 20. Nc3 Bc7 21. Nf3 Qa8 22. Rcd1 Rcd8 23. Nd4 h5 24. Nde2 Nd7 25. Ba3 Qb8 26. Qf3 h4 27. g4 d5 28. e5 Ndxe5 29. Qf2 dxc4 30. fxe5 Nxe5 31. Kh1 Nd3 32. Qxh4 Bxg2+ 33. Kxg2 Qb7+ 34. Kg1 Nxe1 35. Rxe1 cxb3 36. axb3 Rd3 37. Rf1 b5 38. Bc5 b4 39. Qf2 Be5 40. Ne4 Rxh3 41. Qg2 Rh2 42. Nf6+ gxf6 43. Qxb7 Rxe2 44. Bf2 Ra2 45. Qxb4 Kg7 46. g5 Bh2+ 47. Kxh2 1-0

[Event "DSOL 2021"]
[Site "Germany"]
[Date "2021.03.23"]
[Round "7.3"]
[White "Cuadrado, Guillermo"]
[Black "Heerde, Thomas"]
[Result "1-0"]
[WhiteElo "2114"]
[BlackElo "2055"]
[Annotator "TA"]
[PlyCount "81"]
[EventDate "2021.01.18"]
[EventType "team-tourn"]
[EventCountry "GER"]
[SourceTitle "playchess.com"]
[Source "ChessBase"]
[SourceQuality "1"]

1. d4 Nf6 2. Bg5 Ne4 3. Bf4 c5 4. d5 Qb6 5. Nd2 Nxd2 6. Bxd2 Qxb2 7. e4 g6 8. Nf3 Bg7 9. Rb1 Qxa2 10. h4 Na6 11. c3 Qa5 12. d6 exd6 13. h5 Bxc3 14. hxg6 fxg6 15. Bc4 Nc7 16. Qb3 Bxd2+ 17. Nxd2 Ne6 18. Qg3 Qc7 19. Bd5 a5 20. Nc4 Ra6 21. f4 Qd8 22. Rh4 a4 23. f5 g5 24. Rh5 h6 25. Nxd6+ Rxd6 26. Qxd6 Ng7 27. Qg6+ Ke7 28. Qxg7+ Kd6 29. Rxh6+ Rxh6 30. Qxh6+ Ke5 31. Qh2+ Kd4 32. Qg1+ Ke5 33. Qxc5 d6 34. Qc3+ Kf4 35. Kf2 g4 36. Qe3+ Ke5 37. Qg3+ Kd4 38. Rd1+ Kc5 39. Qe3+ Kb5 40. Rb1+ Ka5 41. Qa7# 1-0

[Event "DSOL 2021"]
[Site "Germany"]
[Date "2021.03.26"]
[Round "7.3"]
[White "Schupp, Uwe"]
[Black "Gaul, Alexander"]
[Result "1-0"]
[WhiteElo "2114"]
[BlackElo "1960"]
[Annotator "TA"]
[PlyCount "101"]
[EventDate "2021.01.18"]
[EventType "team-tourn"]
[EventCountry "GER"]
[SourceTitle "playchess.com"]
[Source "ChessBase"]
[SourceQuality "1"]
[WhiteTeam "SK Gernsheim"]
[BlackTeam "Düsseldorfer SK I"]

1. Nf3 Nf6 2. g3 d5 3. Bg2 e6 4. O-O Be7 5. c4 O-O 6. b3 b6 7. Bb2 Bb7 8. e3 Nbd7 9. Nc3 c5 10. Qe2 Re8 11. Rfd1 Rc8 12. cxd5 exd5 13. d4 Qc7 14. Rac1 Qb8 15. Ng5 h6 16. Nh3 Qa8 17. Nf4 g5 18. Nh5 cxd4 19. Rxd4 Bc5 20. Rd2 d4 21. Bxb7 Qxb7 22. Na4 dxe3 23. Nxc5 exd2 24. Qxd2 Rxc5 25. Rxc5 bxc5 26. Bxf6 Qc6 27. Bc3 Qe6 28. Qxd7 Qxd7 29. Nf6+ Kf8 30. Nxd7+ Ke7 31. Nxc5 Rc8 32. Bd4 Kd6 33. b4 Kd5 34. Bg7 h5 35. Kf1 a5 36. a3 axb4 37. axb4 Kc4 38. Ne4 Kxb4 39. Nxg5 Rg8 40. Bf6 Kb3 41. Kg2 Rg6 42. Be7 Kc2 43. h4 Kd3 44. Bc5 f6 45. Nf3 Ke4 46. Be3 Rg8 47. Nd4 Rg6 48. Ne6 Kf5 49. Nf4 Rh6 50. f3 Rh7 51. Nxh5 1-0

[Event "DSOL 2021"]
[Site "Germany"]
[Date "2021.03.24"]
[Round "7.3"]
[White "Engel, Robert"]
[Black "Riemann, Jonas"]
[Result "1-0"]
[WhiteElo "2113"]
[BlackElo "1950"]
[Annotator "TA"]
[PlyCount "43"]
[EventDate "2021.01.18"]
[EventType "team-tourn"]
[EventCountry "GER"]
[SourceTitle "playchess.com"]
[Source "ChessBase"]
[SourceQuality "1"]

1. e4 d6 2. d4 Nf6 3. Nc3 g6 4. f4 Bg7 5. Nf3 O-O 6. Bd3 Nbd7 7. O-O c5 8. Be3 Ng4 9. Bd2 cxd4 10. Ne2 Qb6 11. Qc1 e5 12. h3 Ngf6 13. Kh1 Re8 14. Ng3 Nc5 15. fxe5 dxe5 16. Bh6 Bd7 17. Qg5 Ncxe4 18. Bxe4 Nxe4 19. Nxe4 f5 20. Bxg7 Kxg7 21. Ng3 Qf6 22. Nh5+ 1-0

[Event "DSOL 2021"]
[Site "Germany"]
[Date "2021.03.22"]
[Round "7.3"]
[White "Vandre, Wolfgang"]
[Black "Michels, Achim"]
[Result "0-1"]
[WhiteElo "2112"]
[BlackElo "2163"]
[Annotator "TA"]
[PlyCount "122"]
[EventDate "2021.01.18"]
[EventType "team-tourn"]
[EventCountry "GER"]
[SourceTitle "playchess.com"]
[Source "ChessBase"]
[SourceQuality "1"]

1. d4 d5 2. c4 c6 3. Nf3 Nf6 4. Nc3 e6 5. Bg5 h6 6. Bxf6 Qxf6 7. e3 Nd7 8. Bd3 dxc4 9. Bxc4 g6 10. O-O Bg7 11. e4 e5 12. d5 Nb6 13. Bb3 O-O 14. Qe2 Bg4 15. h3 Bxf3 16. Qxf3 Qxf3 17. gxf3 Rac8 18. Rfd1 Bf6 19. Rd3 Rfd8 20. Rad1 c5 21. R3d2 Bg5 22. Re2 c4 23. Bc2 Nd7 24. a4 Nf6 25. Ree1 Nh5 26. Ne2 Rd6 27. Ra1 Rb6 28. Reb1 a5 29. Ra2 Kf8 30. Kf1 Ke7 31. Ke1 Kd6 32. Ra3 Nf4 33. Nxf4 exf4 34. b4 Rxb4 35. Ke2 Kc5 36. Kd2 Bf6 37. Rd1 b5 38. axb5 Rxb5 39. Ra2 Ra8 40. Ba4 Rb4 41. Bc6 Ra7 42. Ba4 Bd4 43. Kc1 c3 44. d6 Kxd6 45. e5+ Kc5 46. e6 fxe6 47. Be8 g5 48. Bg6 a4 49. Bc2 Bxf2 50. Rd8 Be3+ 51. Kd1 Rd4+ 52. Rxd4 Kxd4 53. Rxa4+ Rxa4 54. Bxa4 Bd2 55. Ke2 e5 56. Bc2 Bc1 57. Bg6 Ba3 58. Be4 h5 59. Bg6 g4 60. fxg4 hxg4 61. hxg4 e4 0-1

[Event "DSOL 2021"]
[Site "Germany"]
[Date "2021.03.24"]
[Round "7.3"]
[White "Otto, Andreas"]
[Black "Richter, Jan"]
[Result "1/2-1/2"]
[WhiteElo "2108"]
[BlackElo "2048"]
[Annotator "RC"]
[PlyCount "36"]
[EventDate "2021.01.18"]
[EventType "team-tourn"]
[EventCountry "GER"]
[SourceTitle "playchess.com"]
[Source "ChessBase"]
[SourceQuality "1"]

1. e4 d5 2. exd5 Nf6 3. d4 Bg4 4. Nf3 Qxd5 5. Nc3 Qh5 6. Be2 Nc6 7. O-O O-O-O 8. h3 Nxd4 9. Nxd4 Bxe2 10. Qxe2 Rxd4 11. f3 e6 12. Be3 Rd7 13. Bxa7 Bc5+ 14. Bxc5 Qxc5+ 15. Qf2 Qxf2+ 16. Rxf2 Rhd8 17. g4 Nd5 18. Nxd5 Rxd5 1/2-1/2

[Event "DSOL 2021"]
[Site "Germany"]
[Date "2021.03.26"]
[Round "7.3"]
[White "Schubert, Ralf"]
[Black "Fish, Gennadij"]
[Result "1/2-1/2"]
[WhiteElo "2107"]
[BlackElo "2455"]
[Annotator "TA"]
[PlyCount "80"]
[EventDate "2021.01.18"]
[EventType "team-tourn"]
[EventCountry "GER"]
[SourceTitle "playchess.com"]
[Source "ChessBase"]
[SourceQuality "1"]
[WhiteTeam "SK Dessau I"]
[BlackTeam "SV Werder Bremen II"]

1. d4 Nf6 2. Nc3 d5 3. Bg5 Nbd7 4. f3 h6 5. Bh4 g5 6. Bf2 Bg7 7. e4 dxe4 8. fxe4 e5 9. dxe5 Nxe5 10. Qxd8+ Kxd8 11. O-O-O+ Bd7 12. Bd4 Re8 13. Nf3 Nc6 14. Bc4 Nxd4 15. Nxd4 Nxe4 16. Bxf7 Nxc3 17. bxc3 Re7 18. Ne6+ Kc8 19. Nxg7 Rxf7 20. Rhf1 Rxf1 21. Rxf1 b6 22. Rf6 Kb7 23. Rxh6 Rf8 24. h3 g4 25. hxg4 Bxg4 26. Rg6 Bd7 27. Ne6 Rf2 28. g3 Ba4 29. Nd4 c5 30. Rg7+ Ka6 31. Nb3 Rg2 32. g4 Bc6 33. g5 Be4 34. Nd2 Bf5 35. c4 Rg1+ 36. Kb2 Rg2 37. Kc3 Rg3+ 38. Kb2 Rg2 39. Kc3 Rg3+ 40. Kb2 Rg2 1/2-1/2

[Event "DSOL 2021"]
[Site "Germany"]
[Date "2021.03.23"]
[Round "7.3"]
[White "Decker, Nils"]
[Black "Schulze, Marc"]
[Result "1-0"]
[WhiteElo "2105"]
[BlackElo "2222"]
[Annotator "TA"]
[PlyCount "49"]
[EventDate "2021.01.18"]
[EventType "team-tourn"]
[EventCountry "GER"]
[SourceTitle "playchess.com"]
[Source "ChessBase"]
[SourceQuality "1"]

1. e4 d5 2. exd5 Qxd5 3. Nc3 Qd6 4. d4 Nf6 5. Nf3 a6 6. Bd3 b5 7. O-O Bb7 8. Qe2 e6 9. Ne4 Qd5 10. Ng3 Be7 11. b3 O-O 12. c4 bxc4 13. bxc4 Qd8 14. Rb1 Qc8 15. d5 Bd6 16. Qb2 Nbd7 17. Qxb7 Qxb7 18. Rxb7 Nc5 19. Rb3 Nxb3 20. axb3 exd5 21. cxd5 Bxg3 22. fxg3 Nxd5 23. Ne5 Nb6 24. Ba3 Rfd8 25. Be4 1-0

[Event "DSOL 2021"]
[Site "Germany"]
[Date "2021.03.25"]
[Round "7.3"]
[White "Erler, Rainer"]
[Black "Loesch, Adrian"]
[Result "1-0"]
[WhiteElo "2100"]
[BlackElo "1899"]
[Annotator "TA"]
[PlyCount "67"]
[EventDate "2021.01.18"]
[EventType "team-tourn"]
[EventCountry "GER"]
[SourceTitle "playchess.com"]
[Source "ChessBase"]
[SourceQuality "1"]

1. e4 c5 2. Nc3 Nc6 3. g3 g6 4. Bg2 Bg7 5. Nh3 d6 6. O-O Nf6 7. d3 Bg4 8. f3 Bd7 9. f4 a6 10. Nf2 h5 11. h3 Qc7 12. Re1 e5 13. Nd5 Nxd5 14. exd5 Ne7 15. c3 O-O-O 16. d4 Nf5 17. dxe5 dxe5 18. fxe5 Bxe5 19. Rxe5 Qxe5 20. Bf4 Qg7 21. Ne4 f6 22. Nxc5 g5 23. Qb3 b5 24. Bd2 Nxg3 25. a4 g4 26. h4 Qe7 27. Nxa6 Qd6 28. axb5 Rde8 29. Qc4+ Kd8 30. Nc5 Ke7 31. Bf4 Qxf4 32. Re1+ Qe5 33. Rxe5+ fxe5 34. d6+ 1-0

[Event "DSOL 2021"]
[Site "Germany"]
[Date "2021.03.24"]
[Round "7.3"]
[White "Koehler, Eckart"]
[Black "Kuerschner, Liam"]
[Result "1-0"]
[WhiteElo "2090"]
[BlackElo "1735"]
[Annotator "TA"]
[PlyCount "107"]
[EventDate "2021.01.18"]
[EventType "team-tourn"]
[EventCountry "GER"]
[SourceTitle "playchess.com"]
[Source "ChessBase"]
[SourceQuality "1"]

1. d4 Nf6 2. Bf4 d5 3. e3 Bf5 4. c4 e6 5. Nc3 Bd6 6. Bg5 Be7 7. Bxf6 Bxf6 8. cxd5 exd5 9. Qb3 c6 10. Qxb7 Qb6 11. Qxb6 axb6 12. Nf3 O-O 13. Kd2 Nd7 14. Bd3 Bxd3 15. Kxd3 Be7 16. Rhc1 Rfc8 17. a3 Nf6 18. Ke2 Bd6 19. Rc2 Bf8 20. Rac1 c5 21. Ne5 cxd4 22. exd4 Bd6 23. Kf1 Kf8 24. h3 Ra5 25. Ne2 Re8 26. Rc8 Rxc8 27. Rxc8+ Ke7 28. Rc6 Bxe5 29. dxe5 Nd7 30. f4 Rc5 31. Nd4 Rxc6 32. Nxc6+ Ke6 33. Nd4+ Ke7 34. Nf5+ Kf8 35. b4 g6 36. Ne3 d4 37. Nd5 g5 38. Nf6 Ke7 39. Nxd7 Kxd7 40. f5 Kc6 41. a4 Kd5 42. a5 bxa5 43. bxa5 Kc4 44. a6 Kc3 45. a7 d3 46. a8=Q d2 47. Qa4 h5 48. e6 fxe6 49. fxe6 g4 50. e7 g3 51. e8=Q h4 52. Qe3+ Kb2 53. Qxd2+ Kb1 54. Qaa2# 1-0

[Event "DSOL 2021"]
[Site "Germany"]
[Date "2021.03.25"]
[Round "7.3"]
[White "Schmidt, Markus"]
[Black "Berndt, Matthias"]
[Result "1-0"]
[WhiteElo "2089"]
[BlackElo "2072"]
[Annotator "TA"]
[PlyCount "61"]
[EventDate "2021.01.18"]
[EventType "team-tourn"]
[EventCountry "GER"]
[SourceTitle "playchess.com"]
[Source "ChessBase"]
[SourceQuality "1"]

1. c4 e5 2. g3 Nc6 3. Bg2 g6 4. Nc3 Bg7 5. Nf3 d6 6. O-O Be6 7. d3 Qc8 8. Nd5 Nd8 9. Rb1 c6 10. Nc3 f5 11. Qc2 Nf6 12. b4 O-O 13. c5 Qc7 14. cxd6 Qd7 15. Nxe5 Qxd6 16. Bf4 Qe7 17. Nc4 Re8 18. b5 Nd5 19. Nxd5 Bxd5 20. Bxd5+ cxd5 21. Nd6 Rf8 22. Qc5 Qe6 23. Rfc1 b6 24. Qc7 Qxe2 25. Re1 Qxa2 26. Rbc1 Qb2 27. Re7 Bd4 28. Rc2 Qa1+ 29. Kg2 Bg7 30. Rce2 Qc3 31. Qd7 1-0

[Event "DSOL 2021"]
[Site "Germany"]
[Date "2021.03.24"]
[Round "7.3"]
[White "Dornieden, Jonas"]
[Black "Schuelke, Tilman"]
[Result "1/2-1/2"]
[WhiteElo "2079"]
[BlackElo "1848"]
[Annotator "TA"]
[PlyCount "52"]
[EventDate "2021.01.18"]
[EventType "team-tourn"]
[EventCountry "GER"]
[SourceTitle "playchess.com"]
[Source "ChessBase"]
[SourceQuality "1"]

1. d4 d6 2. e4 Nf6 3. Nc3 g6 4. f3 Bg7 5. Be3 c6 6. Qd2 b5 7. O-O-O Qa5 8. Kb1 b4 9. Nce2 Na6 10. Nc1 Qb6 11. g4 Nc7 12. h4 h5 13. g5 Nd7 14. e5 Nd5 15. Re1 dxe5 16. dxe5 Nxe3 17. Qxe3 Qxe3 18. Rxe3 Bxe5 19. Nd3 Bd6 20. Bh3 c5 21. f4 c4 22. Ne5 Nxe5 23. fxe5 Bc5 24. Re2 Bb7 25. Bg2 Bxg2 26. Rxg2 Rd8 1/2-1/2

[Event "DSOL 2021"]
[Site "Germany"]
[Date "2021.03.26"]
[Round "7.3"]
[White "Heldt, Maximilian"]
[Black "Poess, Frank"]
[Result "0-1"]
[WhiteElo "2072"]
[BlackElo "1613"]
[Annotator "TA"]
[PlyCount "102"]
[EventDate "2021.01.18"]
[EventType "team-tourn"]
[EventCountry "GER"]
[SourceTitle "playchess.com"]
[Source "ChessBase"]
[SourceQuality "1"]
[WhiteTeam "SF Essen-Katernberg I"]
[BlackTeam "SV Dinslaken"]

1. c4 e5 2. Nc3 Nf6 3. g3 c6 4. Bg2 d5 5. cxd5 cxd5 6. d4 e4 7. f3 Bb4 8. Bg5 Nbd7 9. fxe4 dxe4 10. e3 Qa5 11. Bxf6 Bxc3+ 12. bxc3 Qxc3+ 13. Kf2 Nxf6 14. h3 Qb2+ 15. Ne2 O-O 16. Qa4 Bd7 17. Qb3 Qd2 18. Rac1 Be6 19. Qc2 Qa5 20. Qc7 Qxa2 21. Qxb7 Rab8 22. Qe7 Rb2 23. Rhe1 Bc4 24. Bf1 Qb3 25. Qc5 Bxe2 26. Rxe2 Rxe2+ 27. Bxe2 Nd5 28. Rc4 Qxe3+ 29. Kf1 Nb6 30. Rc3 Qh6 31. Qf5 g6 32. Qxe4 Qxh3+ 33. Kg1 Qd7 34. Qe5 Re8 35. Bb5 Rxe5 36. Bxd7 Rd5 37. Be8 Rxd4 38. Rc7 Kf8 39. Bxf7 Rd7 40. Rxd7 Nxd7 41. Ba2 Ke7 42. Kh2 Kf6 43. Kh3 Kg5 44. Bg8 h5 45. Bf7 a5 46. Kg2 Ne5 47. Be8 Nc4 48. Kh3 Nb2 49. Bf7 a4 50. Bg8 a3 51. Bf7 Nd1 0-1

[Event "DSOL 2021"]
[Site "Germany"]
[Date "2021.03.25"]
[Round "7.3"]
[White "Aldag, Thomas"]
[Black "Sabirov, Ramil"]
[Result "0-1"]
[WhiteElo "2058"]
[BlackElo "2125"]
[Annotator "TA"]
[PlyCount "82"]
[EventDate "2021.01.18"]
[EventType "team-tourn"]
[EventCountry "GER"]
[SourceTitle "playchess.com"]
[Source "ChessBase"]
[SourceQuality "1"]

1. e4 c5 2. Nf3 e6 3. d4 cxd4 4. c3 Nf6 5. e5 Nd5 6. cxd4 d6 7. Bb5+ Bd7 8. Bxd7+ Qxd7 9. O-O Nc6 10. Bd2 Be7 11. Nc3 Nxc3 12. Bxc3 d5 13. Ne1 O-O 14. f4 b5 15. b3 Rfc8 16. Rc1 a5 17. Nd3 Qa7 18. Nf2 a4 19. Qd3 Qb6 20. g4 axb3 21. axb3 Ra2 22. Rb1 b4 23. Bb2 Na7 24. f5 Bf8 25. g5 Nb5 26. g6 fxg6 27. fxg6 h6 28. Qf3 Nxd4 29. Qf7+ Kh8 30. Ng4 Nf5+ 31. Kh1 Ra7 32. Rxf5 Rxf7 33. Rxf7 Qd8 34. Rbf1 Be7 35. Bc1 h5 36. Bh6 Bf8 37. Bg5 Qe8 38. Nf6 Qb5 39. Nh7 Bc5 40. Be7 Bxe7 41. Rxe7 Qxf1# 0-1